Alle 65 Städte Deutschlands mit F - Statistiken

Allgemein
  • Dieses Quiz wurde 140 mal gespielt
  • Das Durchschnittsergebnis liegt bei 19 aus 65
Antwortstatistiken
Landkreis Stadt % Korrekt
\ (kreisfrei) Frankfurt am Main
97%
\ (kreisfrei) Frankfurt (Oder)
97%
Mittelsachsen Freiberg
91%
\ (kreisfrei) Freiburg
91%
F**d* Fulda
83%
Ludwigsburg Freiberg am Neckar
66%
F***s**g Freising
64%
Bodenseekreis Friedrichshafen
63%
\ (kreisfrei) Flensburg
62%
\ (kreisfrei) Fürth
61%
Cham Furth
61%
Waldeck-F***k**b**g Frankenberg (Eder)
58%
F***d**s***t Freudenstadt
58%
F**s***f***b***k Fürstenfeldbruck
57%
Mittelsachsen Frankenberg (Sachsen)
56%
Ostallgäu Füssen
55%
Aichach-F****b**g Friedberg
51%
Wetteraukreis Friedberg (Hessen)
51%
F****h**m Forchheim
47%
Esslingen Filderstadt
43%
\ (kreisfrei) Frankenthal
41%
Rhein-Erft-Kreis Frechen
37%
F**y**g-Grafenau Freyung
37%
Sächs. Schweiz-Osterzgebirge Freital
29%
Oder-Spree Fürstenwalde
29%
Elbe-Elster Finsterwalde
27%
Elbe-Elster Falkenberg
25%
Rems-Murr-Kreis Fellbach
24%
Ostholstein Fehmarn
23%
Havelland Falkensee
22%
Main-Tauber-Kreis Freudenberg
21%
Siegen-Wittgenstein Freudenberg
21%
Berchtesgadener Land Freilassing
20%
Oberhavel Fürstenberg
19%
Vogtlandkreis Falkenstein
17%
Harz Falkenstein (Harz)
17%
Spree-Neiße Forst
17%
Ansbach Feuchtwangen
16%
Schwalm-Eder-Kreis Fritzlar
15%
Nordfriesland Friedrichstadt
14%
Burgenlandkreis Freyburg
13%
Mittelsachsen Flöha
11%
Schwarzwald-Baar-Kreis Furtwangen
11%
Gotha Friedrichroda
9%
Cloppenburg Friesoythe
9%
Unna Fröndenberg
9%
Schwalm-Eder-Kreis Felsberg
8%
Main-Taunus-Kreis Flörsheim
8%
Waldeck-Frankenberg Frankenau
8%
Oder-Spree Friedland
8%
Meckl. Seenplatte Friedland
8%
Hochtaunuskreis Friedrichsdorf
8%
Leipzig Frohburg
8%
Osnabrück Fürstenau
8%
Mittelsachsen Frauenstein
5%
Bad Dürkheim Freinsheim
5%
Emsland Freren
4%
Regionalverband Saarbrücken Friedrichsthal
4%
Rhön-Grabfeld Fladungen
3%
Wetteraukreis Florstadt
3%
Neumarkt i.d. Oberpfalz Freystadt
3%
Havelland Friesack
3%
Vorpommern-Rügen Franzburg
2%
Tuttlingen Fridingen
2%
Hohenlohekreis Forchtenberg
1%
Keine übereinstimmenden Quizze gefunden
Verteilung der Resultate
Anzahl Personen mit jedem Resultat
Perzentil nach korrekt beantworteten Fragen
Ihre Resultats-Entwicklung
Sie haben dieses Quiz noch nicht gespielt